La planeación educativa como campo de innovación curricular (Record no. 74400)
[ view plain ]
| 000 -CABECERA | |
|---|---|
| campo de control de longitud fija | 00671nam a2200229 a 4500 |
| 005 - FECHA Y HORA DE LA ÚLTIMA TRANSACCIÓN | |
| campo de control | 20210219153336.0 |
| 008 - ELEMENTOS DE LONGITUD FIJA--INFORMACIÓN GENERAL | |
| campo de control de longitud fija | 991125n 000 0 spa u |
| 035 ## - NÚMERO DE CONTROL DEL SISTEMA | |
| Número de control de sistema | UPN01000092613 |
| 100 1# - ASIENTO PRINCIPAL--NOMBRE PERSONAL | |
| Nombre de persona | Hernández Solís, María Antonieta |
| 222 ## - TÍTULO CLAVE | |
| Título clave | REVISTA DE LA EDUCACION SUPERIOR |
| 245 ## - MENCIÓN DE TÍTULO | |
| Título | La planeación educativa como campo de innovación curricular |
| 300 ## - DESCRIPCIÓN FÍSICA | |
| Extensión | 23-35 |
| 362 0# - FECHAS DE PUBLICACIÓN Y/O DESIGNACIÓN SECUENCIAL | |
| Fecha de publicación y/o designación secuencial | 1988 Vol. 17, no. 2(66), abr.-jun. |
| 653 0# - TERMINO DE INDIZACION - NO CONTROLADO | |
| Término no controlado | EDUCACION NORMAL |
| 653 0# - TERMINO DE INDIZACION - NO CONTROLADO | |
| Término no controlado | INNOVACION CURRICULAR |
| 653 0# - TERMINO DE INDIZACION - NO CONTROLADO | |
| Término no controlado | JALISCO, MEXICO |
| 653 0# - TERMINO DE INDIZACION - NO CONTROLADO | |
| Término no controlado | PLANEACION EDUCATIVA |
| 700 1# - ASIENTO SECUNDARIO--NOMBRE DE PERSONAL | |
| Nombre de persona | González, Fabián, |
| 700 1# - ASIENTO SECUNDARIO--NOMBRE DE PERSONAL | |
| Término indicativo de función/relación | coaut. |
| 904 ## - ELEMENTOS DE DATOS D LOCAL, LDD (RLIN) | |
| a | AC |
| b | 030424 |
| 905 ## - TIPO DE MATERIAL | |
| Tipo de material | Articulo |
No items available.
